| 000 | 01843nam a22002777a 4500 | ||
|---|---|---|---|
| 999 |
_c23259 _d23259 |
||
| 003 | NUST | ||
| 005 | 20170606105854.0 | ||
| 008 | 140421b xxu||||| |||| 00| 0 eng d | ||
| 010 | _a2005044699 | ||
| 020 |
_a9780471268918 _cAvailable |
||
| 040 |
_aDLC _bDLC _cRCMS |
||
| 050 | _a620.18 AGA | ||
| 082 | _a620.18 AGA | ||
| 100 |
_aBHAGWAN D. AGARWAL _91551 |
||
| 245 | _aANALYSIS AND PERFORMANCE OF FIBER COMPOSITES | ||
| 250 | _a3rd,ed. | ||
| 260 |
_aUSA _bJOHN WILEY & SONS _cc2006 |
||
| 300 |
_axiv,562,p: _bill: _c22,cm. |
||
| 538 | _iShelf # 10, Row # 2, Mechanical & Aerospace. | ||
| 650 |
_a1.Fibrous composites 2. Reinforced plastics _91552 |
||
| 856 | _3Table of Content Only | ||
| 942 |
_cBK _2ddc |
||